| 000 | 01506cam a2200433 a 4500 | ||
|---|---|---|---|
| 001 | 15155141 | ||
| 005 | 20140331150346.0 | ||
| 008 | 080125s2009 xxk frb 001 0 eng d | ||
| 010 | _a2008003291 | ||
| 020 | _a9780415465038 (hardback) | ||
| 020 | _a0415465036 (hardback) | ||
| 020 | _a9780415465045 (pbk.) | ||
| 020 | _a0415465044 (pbk.) | ||
| 020 | _a9780203893210 (ebook) | ||
| 020 | _a0203893212 (ebook) | ||
| 040 |
_aDLC _cDLC _dBAKER _dBTCTA _dYDXCP _dUKM _dBWKUK _dBWK _dBWX _dCDX _dDLC |
||
| 043 |
_aa------ _ap------ |
||
| 082 | 0 | 4 |
_a341.247 _222 _bBEE |
| 100 | 1 |
_aBeeson, Mark _935845 |
|
| 245 | 1 | 0 |
_aInstitutions of the Asia-Pacific : _bASEAN, APEC and beyond / _cMark Beeson. |
| 260 |
_aLondon ; _aNew York, United States : _bRoutledge, _c2009. |
||
| 300 |
_axvi, 131 p. ; _c23 cm. |
||
| 490 | 1 | _aRoutledge global institutions | |
| 500 | _aIndex : p. 126-131. | ||
| 504 | _aBibliography : p. 102-125. | ||
| 610 | 2 | 0 |
_aASEAN _935759 |
| 610 | 2 | 0 |
_aAsia Pacific Economic Cooperation (Organization) _935846 |
| 650 | 0 |
_aPacific Area cooperation _935847 |
|
| 650 | 0 |
_aAsian cooperation _935848 |
|
| 650 | 0 |
_aRegionalism (International organization) _99329 |
|
| 650 | 0 |
_aRegionalism _zAsia _935849 |
|
| 650 | 0 |
_aRegionalism _zPacific _935850 |
|
| 650 | 0 |
_aInternational agencies _zAsia _935851 |
|
| 650 | 0 |
_aInternational agencies _zPacific _935852 |
|
| 653 |
_bBUSBOL _cMarch2014 |
||
| 655 |
_vreading book _934232 |
||
| 830 | 0 | _aGlobal institutions series. | |
| 942 |
_2ddc _k341.247 BEE |
||
| 999 |
_c18196 _d18168 |
||